Music Quiz

Random Music or Kpop Quiz
Score 0/235 Timer 20:00
0 Plays Today
% Correct
N
96.4%
DO
96.1%
Myungsoo
95.1%
Taemin
94%
Onew
93.1%
GDragon
93.1%
Key
92.9%
TOP
92.9%
Minho
92.5%
Seungri
92.5%
Taeyang
92.5%
Daesung
92.3%
Jonghyun
92.1%
Jonghyun
92.1%
Kevin
91.4%
Kevin
91.4%
Leeteuk
89.5%
Heechul
88.9%
Heechul
88.9%
Eli
88.7%
Siwon
88.2%
JR
88.2%
Kai
88.2%
JR
88.2%
Eunhyuk
87.8%
Zico
87.8%
Shindong
87.4%
Luhan
87.4%
Donghae
87.2%
Changmin
87.2%
Zelo
87.2%
Kibum
86.9%
Kibum
86.9%
Kyuhyun
86.9%
Yesung
86.9%
GO
86.9%
Kris
86.9%
Tao
86.9%
Henry
86.7%
Shin
86.5%
Minhyuk
86.3%
Dongwoo
86.3%
Minhyuk
86.3%
Sehun
86.3%
Taecyeon
86.1%
Yoseob
86.1%
Sungmin
85.7%
Ren
85.7%
Sungmin
85.7%
JB
85.4%
Kan
85.2%
Lay
85.2%
Chanyeol
85.2%
Junsu
85%
Junsu
85%
Suho
85%
Baekhyun
85%
Ryeowook
84.8%
PO
84.8%
Changmin
84.6%
Kangin
84.6%
Chen
84.6%
Mir
84.4%
Baro
84.2%
Niel
84.2%
Hoya
83.7%
Xiumin
83.7%
Nichkhun
83.5%
AJ
83.1%
CNU
83.1%
Yunho
83.1%
Ricky
82.9%
CAP
82.9%
Hongki
82.2%
Thunder
82.2%
Kikwang
82%
Yonghwa
82%
Wooyoung
81.8%
Zhoumi
81.8%
% Correct
Jokwon
81.4%
Junho
81.4%
Kiseop
81.2%
Doojoon
81.2%
Joon
81.2%
Jaejoong
81.2%
Yongguk
81.2%
Himchan
80.9%
Hangeng
80.7%
L.Joe
80.7%
Hoon
80.5%
Dongho
80.3%
Dongwoon
80.3%
Sunggyu
80.3%
Chunji
80.1%
Woohyun
79.9%
Woohyun
79.9%
Sungyeol
79.4%
Aron
79.4%
Bbomb
79.2%
Minwoo
79%
Minwoo
79%
Minwoo
79%
Minwoo
79%
Minwoo
79%
Yun
79%
Gongchan
78.8%
Hyunseung
78.8%
Daehyun
78.8%
Ukwon
78.6%
Chansung
78.4%
Jay
78.2%
Jinyoung
78.2%
Sandeul
78.2%
Sungjong
77.9%
Junhyung
77.1%
Changjo
77.1%
Youngjae
77.1%
Taeil
76.7%
Seungho
76.7%
Jay
76.7%
Jay
76.7%
Jongup
76.7%
Soohyun
76.2%
Yoochun
75.2%
Ilhoon
75.2%
Baekho
74.9%
Kyung
74.3%
Peniel
74.3%
Seulong
73.4%
Kwangmin
73%
Leo
72.6%
Minhyun
72.4%
Jinwoon
72.2%
Ravi
72.2%
Youngmin
71.9%
Jungshin
71.7%
Sungjae
71.5%
Ken
71.5%
Jaehyo
71.1%
Kwanghee
69.8%
Eunkwang
69.8%
Hyunjoong
69.6%
Eric
69.4%
Siwan
68.7%
Hyuk
68.7%
Hyunsik
68.1%
Andy
67.7%
Hongbin
66.8%
Changsub
66.6%
Jaejin
64.2%
Hyungjoon
64%
Donghyun
64%
Seunghyun
63.4%
Minhwan
61.7%
Daniel
61.7%
Dongjun
61.5%
Jonghun
61.2%
Jeongmin
61%
% Correct
Xander
60.4%
Hyunseong
59.3%
Jungmin
55.7%
Hyungshik
54.4%
Simon
54.2%
Rome
53.5%
Junyoung
51.4%
Youngsaeng
49.3%
Taehun
49.3%
Inati
48.8%
Kyujong
48.6%
Insoo
48.6%
Daeryong
46.7%
Maru
46.7%
TK
46%
JunQ
45.8%
Soryong
45.6%
Gunwoo
45.2%
Junjin
45.2%
Takuya
44.8%
Rokhyun
44.3%
Hyesung
43.3%
Ray
42.8%
Wonbin
42.6%
Chaejin
42.4%
DayDay
42.2%
Seyong
42.2%
Siwoo
41.8%
Casper
40.9%
Dongwan
40.5%
Dari
40.3%
Changbum
39.6%
Kangjun
39%
Jisu
38.8%
Jungmo
38.8%
Kimchi
38.8%
Mika
38.3%
Sanghoon
38.3%
Aoora
37.7%
Sam
37.7%
Karam
35.3%
Teo
35.1%
Hyukjin
34.7%
Sanchez
33.8%
Chanyong
33.8%
Jonghwan
31.9%
Ghun
31%
Lee-U
30.4%
Sangmin
29.8%
Jinon
29.3%
Youngwon
28.3%
Yejun
27.8%
Hoik
27.4%
Zin
27.2%
JG
27.2%
Injun
26.6%
Seungjin
26.1%
Woosang
25.9%
Seungyub
25.5%
Hanhae
25.5%
Hyunmin
24.8%
Jaehyung
24.8%
Kiggen
24.6%
Taefung
23.8%
Hyeongkon
23.8%
Sulhu
22.3%
Yunyoung
22.1%
Hyojun
22.1%
Daegun
21.2%
Raehyun
21.2%
Juwon
20.3%
Jungwoo
18.4%
Haewon
16.9%
Maboos
14.3%
Yongsuk
13.1%
1Kyne
9.9%
Chakkun
2.1%
Remove Ads.
Support Sporcle.
Get the best of Sporcle when you Go Orange. This ad-free experience offers more features, more stats, and more fun while also helping to support Sporcle. Thank you for becoming a member.

You're not logged in!

Compare scores with friends on all Sporcle quizzes.
OR
Log In

Show Comments

Extras

Created Dec 22, 2012ReportNominate
Tags:Kpop Quiz, Kpop Quiz

Top Quizzes Today


Score Distribution

Your Account Isn't Verified!

In order to create a playlist on Sporcle, you need to verify the email address you used during registration. Go to your Sporcle Settings to finish the process.

Report this User

Report this user for behavior that violates our Community Guidelines.

Details: